| 000 | 00921cam a2200145ua 4500 | ||
|---|---|---|---|
| 041 |
_aeng _h |
||
| 082 |
_a627.824 _bIND/CR |
||
| 110 | 1 |
_aIndian standards institution . _bISI _c() |
|
| 245 |
_aCriteria for design of solid gravity dams,IS:6512-1984 / _cIndian standards institution. _hTextual Documents |
||
| 260 |
_aNew Delhi : _bIndian standards institution , _c1985. |
||
| 300 | _a22 ; . | ||
| 504 | _a | ||
| 942 | _cBK | ||
| 999 |
_c4651 _d4651 |
||